Normal view MARC view
  • Proctor, Richard A

Entry Personal Name

Number of records used in: 4

001 - CONTROL NUMBER

  • control field: 39550

003 - CONTROL NUMBER IDENTIFIER

  • control field: NUST

005 - DATE AND TIME OF LATEST TRANSACTION

  • control field: 20210314131456.0

008 - FIXED-LENGTH DATA ELEMENTS

  • fixed length control field: 210314|| aca||aabn | a|a d

040 ## - CATALOGING SOURCE

  • Original cataloging agency: NUST
  • Transcribing agency: NUST

100 ## - HEADING--PERSONAL NAME

  • Personal name: Proctor, Richard A

670 ## - SOURCE DATA FOUND

  • Source citation: Work cat.: (NUST): Proctor, Richard A., The stars in their seasons, an easy guide to a knowledge of the stars: exhibiting, in twelve large maps, the appearance of the heavens at any hour of the night all the year round., 1884.
© 2023 Central Library, National University of Sciences and Technology. All Rights Reserved.